000 00832pam a2200301 a 4500
005 20260322212018.0
008 data
010 _a 85006483
020 _a0688041140 (pbk.)
020 _a9780688041144 (pbk.)
040 _aDLC
_cDLC
_dDLC
050 0 0 _aBF575.A5
_bW43 1985
082 0 0 _a152.4
_219
092 _a152.4 W43 1985
100 1 _aWeisinger, Hendrie.
240 1 0 _aAnger work-out book
245 1 0 _aDr. Weisinger's Anger work-out book /
_cHendrie Weisinger.
250 _a1st ed.
260 _aNew York :
_bQuill,
_cc1985.
300 _a222 p. ;
_c28 cm.
504 _aBibliography: p. [212]-222.
650 0 _aAnger.
650 0 _aHealth.
650 0 _aSuccess.
740 0 _aAnger work-out book.
856 4 2 _3Publisher description
_uhttp://www.loc.gov/catdir/description/hc044/85006483.html
001 data
999 _c411
_d411